000 00309nam a22001337a 4500
008 170614b xxu||||| |||| 00| 0 eng d
020 _a070080593
041 _aeng
080 _a94(7/8)
100 _a19
101 _aSHP
245 _aTHE BIENTERIAL OF AMERICAN REVULOTION
_cBROOKR.J
942 _2udc
_cBK
999 _c17383
_d17383